Aquaculture : Principles and practices

Covering all aspects of subsistence and commercial aquaculture as practiced across the globe, this fully revised new edition from two leading world authorities in the field is set in two parts: principles and practices, and covers in detail recent developments in: History and planning, Nutrition, Re...

ver descrição completa

Na minha lista:
Detalhes bibliográficos
Autor principal: Pillay, T. V. R.
Formato: Livro
Idioma:Undetermined
Publicado em: Oxford, UK Blackwell Pub. 2005
Assuntos:
Tags: Adicionar Tag
Sem tags, seja o primeiro a adicionar uma tag!
Thư viện lưu trữ: Trung tâm Học liệu Trường Đại học Cần Thơ
LEADER 01007nam a2200205Ia 4500
001 CTU_159250
008 210402s9999 xx 000 0 und d
020 |c 104.30 
082 |a 639.8 
082 |b P641 
100 |a Pillay, T. V. R. 
245 0 |a Aquaculture : 
245 0 |b Principles and practices 
245 0 |c T. V. R. Pillay and M. N. Kutty 
260 |a Oxford, UK 
260 |b Blackwell Pub. 
260 |c 2005 
520 |a Covering all aspects of subsistence and commercial aquaculture as practiced across the globe, this fully revised new edition from two leading world authorities in the field is set in two parts: principles and practices, and covers in detail recent developments in: History and planning, Nutrition, Reproduction and genetic selection, Production statistics and economics, Integrated aquaculture, Sustainability and environmental effects (new chapter). 
650 |a Aquaculture,Nuôi trồng thuỷ sản 
980 |a Trung tâm Học liệu Trường Đại học Cần Thơ